Konsep kerasulan dan peranannya dalam pembentukan masyarakat
| Main Author: | |
|---|---|
| Format: | Book |
| Published: |
Kuala Lumpur :
DBP ,
1990
|
| Subjects: |
MARC
| LEADER | 00000cam a2200000 7i4500 | ||
|---|---|---|---|
| 001 | 0000005327 | ||
| 002 | 000005755 | ||
| 005 | 20000330.0 | ||
| 020 | |a 9836214232 | ||
| 090 | 0 | 0 | |a 297.63 |b IBR |
| 100 | 0 | |a Ibrahim Abu Bakar | |
| 245 | 1 | 0 | |a Konsep kerasulan dan peranannya dalam pembentukan masyarakat |c Ibrahim Abu Bakar |
| 260 | |a Kuala Lumpur : |b DBP , |c 1990 | ||
| 300 | |a 250p. ; |c 22cm. | ||
| 650 | 0 | 0 | |a Prophet, Muhammad |x Companions |
| 999 | |a 033528 |b BUKU |c PINJAMAN |e PERPUSTAKAAN KOMUNITI PETALING JAYA | ||